Plant genetic resources in SAARC countries : Their conservation and management (Record no. 44108)

MARC details
000 -LEADER
fixed length control field 00377nam a2200121Ia 4500
082 ## - DEWEY DECIMAL CLASSIFICATION NUMBER
Classification number 575:631.523(5-13)
Item number SAA
100 ## - MAIN ENTRY--AUTHOR NAME
Personal name Hasanuzzaman, S M
245 #0 - TITLE STATEMENT
Title Plant genetic resources in SAARC countries : Their conservation and management
260 ## - PUBLICATION, DISTRIBUTION, ETC. (IMPRINT)
Place of publication Bangladesh
Name of publisher SAIC
Year of publication 2003
650 ## - SUBJECT ADDED ENTRY--TOPICAL TERM
Topical Term Plant genetic conservation
942 ## - ADDED ENTRY ELEMENTS (KOHA)
Koha item type Books
Holdings
Withdrawn status Lost status Damaged status Not for loan Home library Current library Date acquired Source of acquisition Full call number Accession Number Koha item type
        RRII Library RRII Library 16/12/2021 Gift 575:631.523(5-13) SAA G00856 Books